NEC4 practical solutions (Record no. 116092)
[ view plain ]
| 000 -LEADER | |
|---|---|
| fixed length control field | 00882cam a22002415a 4500 |
| 001 - CONTROL NUMBER | |
| control field | L159709 |
| 008 - FIXED-LENGTH DATA ELEMENTS--GENERAL INFORMATION | |
| fixed length control field | 171212s2017 xxk f 000 0 eng d |
| 020 ## - INTERNATIONAL STANDARD BOOK NUMBER | |
| International Standard Book Number | 9780727761996 |
| 035 ## - SYSTEM CONTROL NUMBER | |
| System control number | (Sirsi) u159709 |
| 041 0# - LANGUAGE CODE | |
| Language code of text/sound track or separate title | eng |
| 050 04 - LIBRARY OF CONGRESS CALL NUMBER | |
| Classification number | 624.04 |
| 100 1# - MAIN ENTRY--PERSONAL NAME | |
| Personal name | Gerrard, Robert |
| 245 00 - TITLE STATEMENT | |
| Title | NEC4 practical solutions |
| 260 ## - PUBLICATION, DISTRIBUTION, ETC. | |
| Place of publication, distribution, etc. | London |
| Name of publisher, distributor, etc. | ICE Publishing |
| Date of publication, distribution, etc. | 2017 |
| 300 ## - PHYSICAL DESCRIPTION | |
| Extent | 24cm; 176p |
| 520 ## - SUMMARY, ETC. | |
| Summary, etc. | Looks at a range of solutions to a variety of questions raised on NEC4 including issues relating to the Contractor's main responsibilities, time, testing and defects, payment, compensation, title, liability and insurance, termination, the Options, Schedule of Cost Components and Contract Data. |
| 590 ## - LOCAL NOTE (RLIN) | |
| Local note | KA |
| 650 24 - SUBJECT ADDED ENTRY--TOPICAL TERM | |
| Topical term or geographic name entry element | NEW ENGINEERING CONTRACT (FOURTH EDITION) |
| 651 #4 - SUBJECT ADDED ENTRY--GEOGRAPHIC NAME | |
| Geographic name | ENGLAND AND WALES |
| 690 ## - LOCAL SUBJECT ADDED ENTRY--TOPICAL TERM (OCLC, RLIN) | |
| Topical term or geographic name as entry element | Contracts |
| 9 (RLIN) | 6232 |
| 700 1# - ADDED ENTRY--PERSONAL NAME | |
| Personal name | Kings, Stuart |
| 942 ## - ADDED ENTRY ELEMENTS (KOHA) | |
| Suppress in OPAC | 0 |
| Withdrawn status | Lost status | Source of classification or shelving scheme | Damaged status | Not for loan | Home library | Current library | Shelving location | Date acquired | Total Checkouts | Full call number | Barcode | Date last seen | Copy number | Price effective from | Koha item type |
|---|---|---|---|---|---|---|---|---|---|---|---|---|---|---|---|
| Dewey Decimal Classification | London | London | Books | 13/12/2017 | 624.02 GER | 30075146 | 06/08/2019 | 1 | 06/08/2019 | Book |